[Event "CAN-ch"]
[Site "Richmond CAN"]
[Date "2002.03.21"]
[Round "1.15"]
[White "McLaren, Brian"]
[Black "Leblanc, Paul"]
[Result "1-0"]
[WhiteElo "2290"]
[BlackElo "2085"]
[PlyCount "103"]
[EventDate "2002.03.21"]
[EventType "swiss"]
[EventRounds "11"]
[EventCountry "CAN"]

1. e4 c6 2. d4 d5 3. exd5 cxd5 4. Bd3 Nf6 5. c3 Bg4 6. Qb3 Qc8 7. Bf4 e6 8. Nd2
Be7 9. Ngf3 Nc6 10. O-O O-O 11. Ne5 Nxe5 12. Bxe5 Nd7 13. Bg3 Bf6 14. h3 Bh5
15. f4 Nb6 16. f5 Re8 17. Rae1 Qd8 18. fxe6 Rxe6 19. Rxe6 fxe6 20. Qc2 h6 21.
Nf3 Nc4 22. Qe2 Bf7 23. b3 Nb6 24. Ne5 Be8 25. Qg4 Qe7 26. Ng6 Qf7 27. Nf4 Rc8
28. Bg6 Qe7 29. Nh5 Nd7 30. Rf3 Bxg6 31. Qxg6 Rc6 32. Nxf6+ Nxf6 33. Bh4 e5 34.
dxe5 Qxe5 35. Bxf6 Rxf6 36. Rxf6 Qxf6 37. Qxf6 gxf6 38. Kf2 Kf7 39. Ke3 Ke6 40.
Kf4 f5 41. g3 b5 42. Ke3 Ke5 43. Kd3 h5 44. Ke3 Ke6 45. Kf4 Kf6 46. h4 a5 47.
a4 bxa4 48. bxa4 Ke6 49. Kg5 Ke5 50. Kxh5 Ke4 51. Kg5 Kd3 52. h5 1-0

[Event "CAN-ch"]
[Site "Richmond CAN"]
[Date "2002.03.21"]
[Round "1.16"]
[White "Sladek, Vaclav"]
[Black "Herder, David"]
[Result "0-1"]
[WhiteElo "2085"]
[BlackElo "2273"]
[PlyCount "79"]
[EventDate "2002.03.21"]
[EventType "swiss"]
[EventRounds "11"]
[EventCountry "CAN"]

1. d4 e6 2. c4 b6 3. Nf3 Bb7 4. g3 f5 5. Bg2 Nf6 6. Nc3 Bb4 7. O-O Bxc3 8. bxc3
O-O 9. Bg5 d6 10. Nd2 Bxg2 11. Kxg2 Nbd7 12. e4 h6 13. Bxf6 Qxf6 14. f4 fxe4
15. Nxe4 Qg6 16. Nd2 e5 17. dxe5 dxe5 18. Nf3 Qc6 19. fxe5 Nxe5 20. Qd5+ Qxd5
21. cxd5 Nc4 22. Rfe1 Rae8 23. Rxe8 Rxe8 24. Re1 Rxe1 25. Nxe1 Ne3+ 26. Kf3
Nxd5 27. c4 Nc3 28. a3 Nb1 29. Nc2 Nd2+ 30. Ke3 Nxc4+ 31. Kd4 Na5 32. Kd5 Kf7
33. Nd4 Ke7 34. h3 g6 35. g4 c5 36. Nf3 c4 37. Kd4 a6 38. Nh4 Kf6 39. Nf3 Nc6+
40. Kd5 0-1

[Event "CAN-ch"]
[Site "Richmond CAN"]
[Date "2002.03.21"]
[Round "1.17"]
[White "Gardner, Robert"]
[Black "Hladek, David"]
[Result "0-1"]
[WhiteElo "2268"]
[BlackElo "2063"]
[PlyCount "112"]
[EventDate "2002.03.21"]
[EventType "swiss"]
[EventRounds "11"]
[EventCountry "CAN"]

1. e4 Nf6 2. e5 Nd5 3. d4 d6 4. exd6 exd6 5. c4 Nb6 6. Be3 Be7 7. Nd2 O-O 8.
Bd3 Nc6 9. Ne2 Re8 10. a3 Bg5 11. Bxg5 Qxg5 12. O-O Bg4 13. f4 Bxe2 14. Bxe2
Qe7 15. Bf3 Qe3+ 16. Kh1 Qxd4 17. Qc2 Re3 18. Be4 h6 19. Rfd1 Re2 20. Bf3 Re7
21. g3 Rae8 22. b3 Qf2 23. Rf1 Re1 24. Qd3 Rxa1 25. Rxa1 Nd4 26. Rf1 Re1 27.
Rxe1 Qxe1+ 28. Kg2 Nxf3 29. Nxf3 Qe7 30. Nd4 Nd7 31. Nb5 Nc5 32. Qf3 a6 33. Nd4
Qe4 34. Qxe4 Nxe4 35. Kf3 Nc5 36. f5 Kf8 37. b4 Nd7 38. Ke4 Ke7 39. Nc2 h5 40.
Ne3 c6 41. Kf4 Kf6 42. h3 Nb6 43. g4 hxg4 44. hxg4 g5+ 45. Ke4 Nd7 46. Kd4 Ke7
47. Ke4 f6 48. Kd4 Ne5 49. Ke4 Kd7 50. Kd4 b5 51. cxb5 axb5 52. Ke4 d5+ 53. Kd4
Kd6 54. Kc3 c5 55. bxc5+ Kxc5 56. Kd2 Nc4+ 0-1

[Event "CAN-ch"]
[Site "Richmond CAN"]
[Date "2002.03.21"]
[Round "1.18"]
[White "Yousefzadeh, Mehrdad"]
[Black "Sokourinski, Sergei"]
[Result "0-1"]
[WhiteElo "2024"]
[BlackElo "2266"]
[PlyCount "80"]
[EventDate "2002.03.21"]
[EventType "swiss"]
[EventRounds "11"]
[EventCountry "CAN"]

1. d4 d5 2. c4 c6 3. Nf3 Nf6 4. Nc3 dxc4 5. a4 Bf5 6. Ne5 Nbd7 7. Nxc4 Qc7 8.
g3 e5 9. dxe5 Nxe5 10. Bf4 Nfd7 11. Bg2 O-O-O 12. Nxe5 Nxe5 13. Qc1 Bc5 14. O-O
f6 15. e4 Be6 16. Nd1 Bb4 17. Qe3 Bc4 18. Qxa7 Qa5 19. Bh3+ Kc7 20. Qxa5+ Bxa5
21. Ne3 Bxf1 22. Kxf1 g5 23. Bxe5+ fxe5 24. Nc4 Bb6 25. Nxe5 Rd2 26. a5 Bd4 27.
Nc4 Rxf2+ 28. Ke1 Rxh2 29. Bf1 Re8 30. a6 Ra8 31. Nd2 Bxb2 32. Rb1 Bc3 33.
Rxb7+ Kd6 34. Be2 Bxd2+ 35. Kxd2 Rxa6 36. Ke3 Ra3+ 37. Bd3 Rh3 38. Kd4 c5+ 39.
Kc4 Ra4+ 40. Kc3 Rxg3 0-1

[Event "CAN-ch"]
[Site "Richmond CAN"]
[Date "2002.03.22"]
[Round "2.2"]
[White "Spraggett, Kevin"]
[Black "Milicevic, Dragoljub"]
[Result "1-0"]
[WhiteElo "2629"]
[BlackElo "2323"]
[PlyCount "81"]
[EventDate "2002.03.21"]
[EventType "swiss"]
[EventRounds "11"]
[EventCountry "CAN"]

1. e4 d5 2. exd5 Nf6 3. d4 Nxd5 4. Nf3 g6 5. c4 Nb6 6. h3 Bg7 7. Nc3 O-O 8. Be3
Nc6 9. Be2 e5 10. d5 Ne7 11. O-O Nf5 12. Bg5 f6 13. Bc1 c5 14. Ne4 Nd7 15. b4
cxb4 16. a3 b3 17. Qxb3 Qb6 18. Qc2 Nc5 19. Rb1 Qc7 20. Nxc5 Qxc5 21. Rb5 Nd4
22. Nxd4 Qxd4 23. c5 a5 24. g4 f5 25. Rd1 Qe4 26. Qxe4 fxe4 27. d6 Be6 28. Rxb7
Rab8 29. Rxb8 Rxb8 30. c6 Bf8 31. d7 Bxd7 32. Bc4+ Kh8 33. Rxd7 Rb1 34. Rd1 Bd6
35. Kg2 e3 36. Rxd6 Rxc1 37. c7 Rxc4 38. Rd8+ Kg7 39. c8=Q Rxc8 40. Rxc8 e2 41.
Rc1 1-0

[Event "CAN-ch"]
[Site "Richmond CAN"]
[Date "2002.03.22"]
[Round "2.3"]
[White "Herder, David"]
[Black "Cummings, David"]
[Result "0-1"]
[WhiteElo "2273"]
[BlackElo "2490"]
[PlyCount "54"]
[EventDate "2002.03.21"]
[EventType "swiss"]
[EventRounds "11"]
[EventCountry "CAN"]

1. d4 Nf6 2. Nf3 e6 3. e3 b6 4. Bd3 Bb7 5. Nbd2 d5 6. b3 c5 7. Bb2 Nc6 8. Ne5
Nxe5 9. dxe5 Nd7 10. O-O Qc7 11. f4 O-O-O 12. Qe2 f5 13. exf6 gxf6 14. e4 d4
15. a4 Bd6 16. Qf2 Rhg8 17. Nc4 f5 18. Nxd6+ Qxd6 19. Rfe1 Nf6 20. e5 Qc6 21.
Re2 Ng4 22. Bb5 Qc7 23. Qh4 Ne3 24. g3 a6 25. Bd3 Qc6 26. Qh3 Rg6 27. Kf2 Rh6
0-1

[Event "CAN-ch"]
[Site "Richmond CAN"]
[Date "2002.03.22"]
[Round "2.7"]
[White "Hladek, David"]
[Black "Ristovic, Nenad"]
[Result "1/2-1/2"]
[WhiteElo "2063"]
[BlackElo "2346"]
[PlyCount "120"]
[EventDate "2002.03.21"]
[EventType "swiss"]
[EventRounds "11"]
[EventCountry "CAN"]

1. Nf3 d5 2. g3 c6 3. Bg2 Bg4 4. d3 e6 5. O-O Nd7 6. Nbd2 Bd6 7. e4 Ne7 8. Qe1
Qb6 9. b3 O-O 10. Bb2 a5 11. e5 Bb8 12. Ba3 c5 13. d4 Bf5 14. Rc1 h6 15. dxc5
Nxc5 16. Qe3 Ba7 17. Rfe1 Nc6 18. Nd4 Nxd4 19. Qxd4 Rfc8 20. Bf1 Qc6 21. Qb2 b5
22. b4 Na4 23. Qb3 Bxc2 24. Qf3 Qb6 25. bxa5 Qxa5 26. Nb3 Qb6 27. Bb4 Be4 28.
Qe2 Rc4 29. a3 Bd3 30. Qd2 Bxf1 31. Rxf1 Rac8 32. Kg2 d4 33. Qd3 Nb2 34. Qd2
Qc6+ 35. Kg1 Rc2 36. Rxc2 Qxc2 37. Rc1 Qxb3 38. Rxc8+ Kh7 39. Qc2+ Qxc2 40.
Rxc2 Nc4 41. Kf1 d3 42. Rc1 Bd4 43. f4 d2 44. Bxd2 Nxd2+ 45. Ke2 Nc4 46. a4 Na3
47. axb5 Nxb5 48. Kd3 Bf2 49. Rc2 Bg1 50. Rg2 Ba7 51. Ra2 Bd4 52. Kc4 g5 53.
Kxb5 gxf4 54. gxf4 Be3 55. Kc4 Bxf4 56. Rf2 Bxe5 57. Rxf7+ Kg6 58. Re7 Kf6 59.
Rxe6+ Kxe6 60. Kd3 Kf5 1/2-1/2

[Event "CAN-ch"]
[Site "Richmond CAN"]
[Date "2002.03.22"]
[Round "2.9"]
[White "Lawson, Eric"]
[Black "Ross, Dave"]
[Result "1/2-1/2"]
[WhiteElo "2200"]
[BlackElo "2397"]
[PlyCount "40"]
[EventDate "2002.03.21"]
[EventType "swiss"]
[EventRounds "11"]
[EventCountry "CAN"]

1. e4 c5 2. Nf3 d6 3. d4 cxd4 4. Nxd4 Nf6 5. Nc3 g6 6. Be3 Bg7 7. f3 O-O 8. Qd2
Nc6 9. O-O-O d5 10. exd5 Nxd5 11. Nxc6 bxc6 12. Nxd5 cxd5 13. Qxd5 Qc7 14. Qc5
Qb8 15. c3 a5 16. Bc4 Bf6 17. Bd4 Qf4+ 18. Be3 Qb8 19. Bd4 Qf4+ 20. Be3 Qb8
1/2-1/2

[Event "CAN-ch"]
[Site "Richmond CAN"]
[Date "2002.03.22"]
[Round "2.10"]
[White "Patterson, Roger"]
[Black "Berry, Jonathan"]
[Result "1/2-1/2"]
[WhiteElo "2214"]
[BlackElo "2379"]
[PlyCount "126"]
[EventDate "2002.03.21"]
[EventType "swiss"]
[EventRounds "11"]
[EventCountry "CAN"]

1. e4 e5 2. Nf3 Nc6 3. Bb5 g6 4. c3 a6 5. Ba4 d6 6. d4 Bd7 7. Bg5 Be7 8. Bxe7
Qxe7 9. d5 Nb8 10. c4 Nf6 11. Nc3 O-O 12. O-O b5 13. cxb5 axb5 14. Bc2 b4 15.
Ne2 Na6 16. a4 Nc5 17. Nd2 c6 18. dxc6 Bxc6 19. Ng3 h5 20. Re1 Rad8 21. Qe2 h4
22. Ngf1 Qe6 23. Rad1 b3 24. Bd3 Bxa4 25. Bc4 Qe7 26. Qe3 Kg7 27. Qg5 Rh8 28.
Ne3 Bd7 29. Be2 Ne6 30. Nf5+ Kf8 31. Nxe7 Nxg5 32. Nd5 Nfxe4 33. Nc4 h3 34. f3
Nc5 35. Nxd6 hxg2 36. Nc4 Bc6 37. Nc3 Rxd1 38. Rxd1 Bxf3 39. Bxf3 Nxf3+ 40.
Kxg2 e4 41. Rd8+ Kg7 42. Rxh8 Kxh8 43. Nxe4 Nh4+ 44. Kg3 Nxe4+ 45. Kxh4 Kg7 46.
Na5 Nc5 47. Kg4 f5+ 48. Kg5 Ne6+ 49. Kh4 Nd4 50. Kg5 Nf3+ 51. Kf4 Nxh2 52. Nxb3
Kf6 53. Nc5 g5+ 54. Kg3 Nf1+ 55. Kf2 Nd2 56. b4 f4 57. b5 Nc4 58. Na4 g4 59. b6
g3+ 60. Kg2 Ne5 61. b7 Nc6 62. Nc5 Kg5 63. Nd3 Kf5 1/2-1/2

[Event "CAN-ch"]
[Site "Richmond CAN"]
[Date "2002.03.22"]
[Round "2.11"]
[White "Stanford, Mike"]
[Black "Gardner, Robert"]
[Result "0-1"]
[WhiteElo "2173"]
[BlackElo "2268"]
[PlyCount "44"]
[EventDate "2002.03.21"]
[EventType "swiss"]
[EventRounds "11"]
[EventCountry "CAN"]

1. e4 d5 2. exd5 Nf6 3. Nf3 Qxd5 4. d4 Bg4 5. Be2 Nc6 6. c4 Qh5 7. Be3 O-O-O 8.
Nbd2 e5 9. d5 e4 10. dxc6 exf3 11. cxb7+ Kb8 12. Bxf3 Bb4 13. Bxg4 Nxg4 14. Qe2
Bxd2+ 15. Bxd2 Rhe8 16. Be3 Qa5+ 17. Kf1 Nxe3+ 18. fxe3 Rd2 19. Qg4 Rxb2 20.
Kg1 Qd2 21. h3 Qxe3+ 22. Kh2 Qe5+ 0-1

[Event "CAN-ch"]
[Site "Richmond CAN"]
[Date "2002.03.22"]
[Round "2.12"]
[White "Salcedo, Daniel"]
[Black "Wu, Howard"]
[Result "1/2-1/2"]
[WhiteElo "2158"]
[BlackElo "2230"]
[PlyCount "99"]
[EventDate "2002.03.21"]
[EventType "swiss"]
[EventRounds "11"]
[EventCountry "CAN"]

1. d4 Nf6 2. c4 c5 3. d5 b5 4. cxb5 a6 5. bxa6 Bxa6 6. Nc3 g6 7. Nf3 Bg7 8. Nd2
O-O 9. e4 Bxf1 10. Nxf1 d6 11. Nd2 Nbd7 12. O-O Ra6 13. Qe2 Qa8 14. Nc4 Nb6 15.
Nxb6 Rxb6 16. Rb1 Rfb8 17. b3 Nd7 18. Bd2 Ra6 19. a4 Rab6 20. Nb5 Qb7 21. Rbc1
Ra8 22. f4 e6 23. dxe6 fxe6 24. f5 exf5 25. exf5 Ne5 26. f6 Bf8 27. Bc3 Nf7 28.
h4 d5 29. Ra1 Qd7 30. Qf3 Raa6 31. Qg3 d4 32. Bd2 Rxf6 33. Bg5 Nxg5 34. hxg5
Rxf1+ 35. Rxf1 Re6 36. Qd3 Re3 37. Qc4+ Kg7 38. a5 d3 39. a6 d2 40. a7 Re8 41.
Qc3+ Kg8 42. Qf3 Qxb5 43. Qd5+ Kh8 44. Rxf8+ Rxf8 45. Qe5+ Kg8 46. Qe6+ Kh8 47.
Qe5+ Kg8 48. Qe6+ Kg7 49. Qe7+ Kg8 50. Qe6+ 1/2-1/2

[Event "CAN-ch"]
[Site "Richmond CAN"]
[Date "2002.03.22"]
[Round "2.13"]
[White "Haessel, Dale"]
[Black "Kret, Ted"]
[Result "1-0"]
[WhiteElo "2263"]
[BlackElo "2190"]
[PlyCount "73"]
[EventDate "2002.03.21"]
[EventType "swiss"]
[EventRounds "11"]
[EventCountry "CAN"]

1. c4 Nf6 2. g3 g6 3. Bg2 Bg7 4. Nc3 O-O 5. e4 d6 6. Nge2 c6 7. O-O a6 8. a4
Nbd7 9. f4 Rb8 10. d4 e5 11. a5 b6 12. dxe5 dxe5 13. f5 bxa5 14. Qc2 Qb6+ 15.
Kh1 Ng4 16. Ng1 Nc5 17. h3 Nb3 18. Ra3 Nxc1 19. hxg4 Nb3 20. Nge2 Rd8 21. Na4
Rd2 22. Rxb3 Qd8 23. Qxd2 Qxd2 24. Rxb8 Qxe2 25. Rxc8+ Bf8 26. Nc5 Qd2 27. Rf3
gxf5 28. gxf5 Kg7 29. Rxc6 a4 30. f6+ Kg6 31. Nd3 Kh5 32. Kh2 a5 33. Rf5+ Kh6
34. Nxe5 Qxb2 35. Nxf7+ Kg6 36. Ne5+ Kh6 37. f7+ 1-0

[Event "CAN-ch"]
[Site "Richmond CAN"]
[Date "2002.03.22"]
[Round "2.14"]
[White "Huber, Greg"]
[Black "Jiganchine, Roman"]
[Result "0-1"]
[WhiteElo "2303"]
[BlackElo "2219"]
[PlyCount "86"]
[EventDate "2002.03.21"]
[EventType "swiss"]
[EventRounds "11"]
[EventCountry "CAN"]

1. e4 c6 2. d4 d5 3. e5 c5 4. dxc5 e6 5. Bd3 Nd7 6. Nf3 Nxc5 7. O-O Ne7 8. Nc3
Nc6 9. Re1 Be7 10. Bf1 a6 11. a4 b6 12. Ne2 Bb7 13. c3 Rc8 14. Ned4 O-O 15. Bd2
Qc7 16. Rc1 Rfe8 17. h4 Qd8 18. h5 h6 19. b4 Nxd4 20. Nxd4 Ne4 21. Bd3 Bg5 22.
f4 Bh4 23. Rf1 Bg3 24. Nf3 Bh4 25. Be1 Bxe1 26. Qxe1 Qd7 27. Qe3 Qxa4 28. Qxb6
Qd7 29. Qd4 Qe7 30. Rfe1 Red8 31. Kh2 Rc7 32. Re3 Nf2 33. Kg1 Nxd3 34. Qxd3
Rdc8 35. Qd2 Rc4 36. Nd4 Qc7 37. f5 exf5 38. Nxf5 Rg4 39. Nd6 d4 40. Nxb7 dxe3
41. Qe2 Qc4 42. Qxe3 Qc6 43. Qe2 Re4 0-1

[Event "CAN-ch"]
[Site "Richmond CAN"]
[Date "2002.03.22"]
[Round "2.15"]
[White "Bogle, Bill"]
[Black "Divljan, Igor"]
[Result "1/2-1/2"]
[WhiteElo "2164"]
[BlackElo "2242"]
[PlyCount "93"]
[EventDate "2002.03.21"]
[EventType "swiss"]
[EventRounds "11"]
[EventCountry "CAN"]

1. e4 c5 2. Nf3 e6 3. d4 cxd4 4. Nxd4 Nc6 5. Nc3 Qc7 6. g3 a6 7. Bg2 Nf6 8. O-O
d6 9. Re1 Nd7 10. Nxc6 bxc6 11. Na4 Bb7 12. c4 c5 13. b3 Be7 14. Bb2 O-O 15. f4
Rfe8 16. Qd2 Bc6 17. Nc3 Rad8 18. Rad1 Nf8 19. g4 Ng6 20. g5 d5 21. exd5 Nxf4
22. h4 Bb7 23. Rf1 Nxg2 24. Qxg2 exd5 25. Nxd5 Bxd5 26. cxd5 c4 27. Qf3 Bc5+
28. Kh1 Re3 29. d6 Qd7 30. Qf5 cxb3 31. Qxd7 Rxd7 32. Rc1 Bb6 33. Bd4 Re8 34.
Bxb6 Rxd6 35. Bc5 Rd3 36. Rfe1 Rxe1+ 37. Rxe1 h6 38. axb3 Rxb3 39. Re3 Rxe3 40.
Bxe3 hxg5 41. hxg5 a5 42. Kg2 a4 43. Kf3 a3 44. Bc1 a2 45. Bb2 Kh7 46. Kg4 Kg6
47. Bc3 1/2-1/2

[Event "CAN-ch"]
[Site "Richmond CAN"]
[Date "2002.03.22"]
[Round "2.16"]
[White "Poitras, Luc"]
[Black "Sladek, Vaclav"]
[Result "1-0"]
[WhiteElo "2221"]
[BlackElo "2085"]
[PlyCount "141"]
[EventDate "2002.03.21"]
[EventType "swiss"]
[EventRounds "11"]
[EventCountry "CAN"]

1. e4 c5 2. Nf3 d6 3. d4 cxd4 4. Nxd4 Nf6 5. Nc3 a6 6. Bc4 e6 7. Bb3 Be7 8. O-O
Qc7 9. f4 Nc6 10. Be3 b5 11. a3 O-O 12. Qf3 Nxd4 13. Bxd4 Bb7 14. Rfe1 Rad8 15.
f5 exf5 16. Qxf5 Ne8 17. Qf2 Rc8 18. Bb6 Qb8 19. Rad1 Bf6 20. Bd4 Qc7 21. Bb6
Qb8 22. Rf1 Bc6 23. Bd5 Qb7 24. Bd4 a5 25. Bxc6 Rxc6 26. Nd5 Bxd4 27. Rxd4 Qa7
28. c3 Qb7 29. Rd3 Rc4 30. Qh4 f6 31. b3 Qa7+ 32. Kh1 Rc5 33. Rg3 g6 34. Nxf6+
Nxf6 35. Rxf6 Rxf6 36. Qxf6 Qf7 37. Qd8+ Qf8 38. Qxf8+ Kxf8 39. Kg1 Re5 40. Rd3
d5 41. exd5 Ke7 42. d6+ Kd7 43. Kf2 h5 44. c4 bxc4 45. bxc4 g5 46. h3 g4 47.
hxg4 hxg4 48. Rd4 a4 49. Rxg4 Kxd6 50. c5+ Rxc5 51. Rxa4 Rc3 52. g3 Ke7 53. Ra6
Kf7 54. Kg2 Kg7 55. Kh3 Rd3 56. Kh4 Rd4+ 57. g4 Rd5 58. g5 Rd1 59. g6 Rg1 60.
a4 Rg2 61. a5 Rg1 62. Rb6 Rg2 63. Kh5 Rh2+ 64. Kg5 Rg2+ 65. Kf5 Rf2+ 66. Ke4
Ra2 67. a6 Ra5 68. Kd4 Ra1 69. Kc5 Rc1+ 70. Kb5 Ra1 71. Kc6 1-0

[Event "CAN-ch"]
[Site "Richmond CAN"]
[Date "2002.03.22"]
[Round "2.17"]
[White "Zubac, Marius"]
[Black "Yousefzadeh, Mehrdad"]
[Result "1-0"]
[WhiteElo "2231"]
[BlackElo "2024"]
[PlyCount "141"]
[EventDate "2002.03.21"]
[EventType "swiss"]
[EventRounds "11"]
[EventCountry "CAN"]

1. d4 Nf6 2. c4 e6 3. Nc3 Bb4 4. a3 Bxc3+ 5. bxc3 b6 6. f3 d6 7. e4 Nbd7 8. Bg5
h6 9. Bh4 Qe7 10. Bd3 e5 11. Ne2 Bb7 12. Qa4 a5 13. Ng3 g6 14. Rb1 O-O 15. Rb2
Kg7 16. Rf2 Qe8 17. Qc2 Ng8 18. O-O f6 19. Qd2 Kh7 20. Ne2 g5 21. Bg3 Ne7 22.
h3 Ng6 23. Bh2 Qf7 24. g3 Qg8 25. Rg2 Ba6 26. d5 Nc5 27. Kh1 Bc8 28. Ng1 Rf7
29. f4 Bd7 30. h4 g4 31. h5 Nh8 32. Ne2 Qg7 33. Bg1 Rff8 34. Be3 Nf7 35. Bc2
Rae8 36. Rgf2 Kg8 37. Kg1 Kh7 38. Nc1 a4 39. Qd1 Ra8 40. Na2 Nb7 41. Nb4 Na5
42. Bd3 Nb3 43. Rh2 Nc5 44. Bc2 Kh8 45. Rh4 Rg8 46. Qe2 Rae8 47. Bf2 exf4 48.
gxf4 Bf5 49. Bxc5 bxc5 50. Nc6 Bxe4 51. Bxe4 f5 52. Qc2 Rxe4 53. Rh2 Rge8 54.
Rg2 Qf6 55. Qxa4 Qxc3 56. Ne5 R4xe5 57. fxe5 Rxe5 58. Qc2 Qe3+ 59. Qf2 Qxa3 60.
Rg3 Qa8 61. Rxg4 Ng5 62. Rh4 Qg8 63. Kh1 Qe8 64. Qb2 Kh7 65. Qc2 Kg7 66. Qb2
Kh7 67. Qc2 Qf7 68. Kg2 Qe7 69. Kh1 Ne4 70. Rh3 Qg5 71. Rg1 1-0

[Event "CAN-ch"]
[Site "Richmond CAN"]
[Date "2002.03.23"]
[Round "3.4"]
[White "Ristovic, Nenad"]
[Black "Yoos, John"]
[Result "0-1"]
[WhiteElo "2346"]
[BlackElo "2425"]
[PlyCount "100"]
[EventDate "2002.03.21"]
[EventType "swiss"]
[EventRounds "11"]
[EventCountry "CAN"]

1. d4 d5 2. c4 Nc6 3. Nf3 Bg4 4. Nc3 e6 5. Bf4 Bxf3 6. gxf3 Nf6 7. e3 Bb4 8.
Qb3 O-O 9. a3 dxc4 10. Qxc4 Bd6 11. Bg3 e5 12. d5 Ne7 13. Rd1 a6 14. Bg2 Ng6
15. Bh3 b5 16. Qd3 Nd7 17. Ne4 Nc5 18. Nxc5 Bxc5 19. Bf5 Re8 20. Be4 Bd6 21.
Bxg6 fxg6 22. Qe4 Qf6 23. Rc1 a5 24. Rc6 b4 25. a4 Rf8 26. Ke2 g5 27. h4 gxh4
28. Bxh4 Qf5 29. Bg3 g6 30. b3 Qxe4 31. fxe4 Kg7 32. f4 exf4 33. exf4 Bxf4 34.
Bxf4 Rxf4 35. Rxc7+ Kf6 36. Ke3 Rg4 37. Kf3 h5 38. Ke3 Re8 39. Rf1+ Ke5 40. Rc4
h4 41. Rf3 Rh8 42. Kd3 Rf4 43. Rxf4 Kxf4 44. Kd4 h3 45. Rc1 h2 46. Rf1+ Kg3 47.
Rh1 g5 48. d6 Kg2 49. Rxh2+ Kxh2 50. e5 g4 0-1

[Event "CAN-ch"]
[Site "Richmond CAN"]
[Date "2002.03.23"]
[Round "3.6"]
[White "Ross, Dave"]
[Black "Hladek, David"]
[Result "1/2-1/2"]
[WhiteElo "2307"]
[BlackElo "2063"]
[PlyCount "57"]
[EventDate "2002.03.21"]
[EventType "swiss"]
[EventRounds "11"]
[EventCountry "CAN"]

1. d4 Nf6 2. Bg5 Ne4 3. Bf4 c5 4. f3 Qa5+ 5. c3 Nf6 6. Nd2 cxd4 7. Nb3 Qb6 8.
Qxd4 Nc6 9. Qxb6 axb6 10. Be3 d5 11. Bxb6 e5 12. Bf2 d4 13. e4 Be6 14. Nd2 dxc3
15. bxc3 Be7 16. Bc4 Bxc4 17. Nxc4 O-O 18. Ne2 b5 19. Nb6 Ra3 20. O-O Rd8 21.
c4 b4 22. Nd5 Rda8 23. Nc1 Bf8 24. Rb1 Nd7 25. Rd1 Nc5 26. Nb6 R8a6 27. Rd5 Ne6
28. Nd7 Rc3 29. Nxf8 1/2-1/2

[Event "CAN-ch"]
[Site "Richmond CAN"]
[Date "2002.03.23"]
[Round "3.7"]
[White "Berry, Jonathan"]
[Black "Sokourinski, Sergei"]
[Result "1/2-1/2"]
[WhiteElo "2379"]
[BlackElo "2266"]
[PlyCount "55"]
[EventDate "2002.03.21"]
[EventType "swiss"]
[EventRounds "11"]
[EventCountry "CAN"]

1. g3 d5 2. Bg2 Nf6 3. d3 c5 4. f4 Nc6 5. Nf3 g6 6. c3 Bg7 7. O-O O-O 8. Na3 b6
9. Qa4 Bd7 10. e4 Nd4 11. Qd1 Nxf3+ 12. Qxf3 dxe4 13. dxe4 Bc6 14. Qe2 Qc8 15.
e5 Bxg2 16. Qxg2 Ng4 17. h3 Nh6 18. g4 Kh8 19. Be3 Qe6 20. Rfe1 Rad8 21. Nb5
Rd7 22. a4 Rfd8 23. a5 Qb3 24. axb6 axb6 25. Na7 Rd1 26. Kh2 Rxe1 27. Rxe1 Ng8
28. Nc6 1/2-1/2

[Event "CAN-ch"]
[Site "Richmond CAN"]
[Date "2002.03.23"]
[Round "3.8"]
[White "Milicevic, Dragoljub"]
[Black "Haessel, Dale"]
[Result "1/2-1/2"]
[WhiteElo "2323"]
[BlackElo "2263"]
[PlyCount "52"]
[EventDate "2002.03.21"]
[EventType "swiss"]
[EventRounds "11"]
[EventCountry "CAN"]

1. e4 c5 2. d3 Nc6 3. Nc3 g6 4. g3 Bg7 5. Bg2 d6 6. Be3 e5 7. Qd2 Rb8 8. Nd5
Nce7 9. Nxe7 Nxe7 10. Ne2 O-O 11. Bh6 Be6 12. Bxg7 Kxg7 13. c4 b5 14. b3 a5 15.
h4 h6 16. cxb5 Rxb5 17. Nc3 Rb4 18. O-O f5 19. f4 exf4 20. Rxf4 d5 21. exd5
Nxd5 22. Nxd5 Bxd5 23. Qc3+ Kh7 24. Qxc5 Rxf4 25. gxf4 Bxg2 26. Kxg2 Qxh4
1/2-1/2

[Event "CAN-ch"]
[Site "Richmond CAN"]
[Date "2002.03.23"]
[Round "3.9"]
[White "Neven, Knut"]
[Black "Zubac, Marius"]
[Result "1-0"]
[WhiteElo "2309"]
[BlackElo "2231"]
[PlyCount "77"]
[EventDate "2002.03.21"]
[EventType "swiss"]
[EventRounds "11"]
[EventCountry "CAN"]

1. d4 f5 2. g3 Nf6 3. Bg2 e6 4. c4 d5 5. Nh3 c6 6. Qc2 Be7 7. O-O O-O 8. Nd2 b5
9. c5 e5 10. dxe5 Nfd7 11. Nf3 Nxc5 12. Nd4 Qc7 13. Nxb5 Qd7 14. Nd4 Bb7 15. b4
Ne6 16. Nxf5 Bxb4 17. Rb1 a5 18. e4 d4 19. Qb3 Kh8 20. Rd1 Na6 21. a3 Nac5 22.
Qa2 Bc3 23. Bd2 Bxd2 24. Qxd2 Rfd8 25. Nd6 Ba6 26. f4 a4 27. f5 Nb3 28. Rxb3
axb3 29. fxe6 Qxe6 30. Ng5 Qe7 31. Ngf7+ Kg8 32. Nxd8 Rxd8 33. Qxd4 Rb8 34. Rb1
h6 35. Qc3 Qg5 36. Rxb3 Rxb3 37. Qxb3+ Kh7 38. Qc3 Qg4 39. Qf3 1-0

[Event "CAN-ch"]
[Site "Richmond CAN"]
[Date "2002.03.23"]
[Round "3.11"]
[White "McLaren, Brian"]
[Black "Poitras, Luc"]
[Result "1-0"]
[WhiteElo "2290"]
[BlackElo "2221"]
[PlyCount "55"]
[EventDate "2002.03.21"]
[EventType "swiss"]
[EventRounds "11"]
[EventCountry "CAN"]

1. e4 c5 2. Nc3 Nc6 3. g3 d6 4. Bg2 g6 5. d3 Bg7 6. Be3 e6 7. Qd2 Rb8 8. Nge2
Nd4 9. Nd1 Nxe2 10. Qxe2 Ne7 11. Qd2 O-O 12. Bh6 b6 13. h4 f6 14. Bxg7 Kxg7 15.
Ne3 e5 16. O-O-O Be6 17. f4 Qd7 18. b3 b5 19. h5 Rh8 20. Rdf1 b4 21. Qf2 f5 22.
g4 Rhf8 23. hxg6 hxg6 24. gxf5 gxf5 25. Qg3+ Ng6 26. exf5 Bxf5 27. fxe5 dxe5
28. Qg5 1-0

[Event "CAN-ch"]
[Site "Richmond CAN"]
[Date "2002.03.23"]
[Round "3.12"]
[White "Gardner, Robert"]
[Black "Patterson, Roger"]
[Result "1-0"]
[WhiteElo "2268"]
[BlackElo "2214"]
[PlyCount "133"]
[EventDate "2002.03.21"]
[EventType "swiss"]
[EventRounds "11"]
[EventCountry "CAN"]

1. e4 c5 2. Nf3 d6 3. d4 cxd4 4. Nxd4 Nf6 5. Nc3 e6 6. g4 a6 7. g5 Nfd7 8. Be3
Nc6 9. h4 Qc7 10. Qe2 b5 11. Nxc6 Qxc6 12. Bd4 Bb7 13. O-O-O O-O-O 14. Bg2 Kb8
15. Rh3 Rc8 16. a3 Nb6 17. Na2 Nc4 18. Rc3 Qe8 19. b3 Na5 20. Qd2 Nc6 21. Be3
Be7 22. f4 h6 23. Bg1 hxg5 24. hxg5 Nd8 25. Rxc8+ Kxc8 26. Qc3+ Qc6 27. Qxg7
Rh4 28. Rd3 Rg4 29. Rc3 Rxg2 30. Rxc6+ Bxc6 31. Qd4 e5 32. Qa7 Bxe4 33. Nb4 Bb7
34. Bb6 exf4 35. Nd5 Bxg5 36. Bxd8 Bxd8 37. Qd4 f3 38. Qc3+ Kb8 39. Qxf3 Bg5+
40. Kb1 Rd2 41. c4 bxc4 42. bxc4 f6 43. Qe4 Ka7 44. Qe7 Rd1+ 45. Kb2 Rxd5 46.
cxd5 Bf4 47. Kb3 Be5 48. Kc4 Kb8 49. Qd8+ Ka7 50. a4 f5 51. a5 f4 52. Qf8 Ba8
53. Qc8 Bb7 54. Qd8 f3 55. Qf8 f2 56. Qxf2+ Kb8 57. Qf8+ Bc8 58. Qd8 Kb7 59.
Qb6+ Ka8 60. Qc7 Bb7 61. Qd8+ Ka7 62. Qg8 Ba8 63. Kd3 Bb7 64. Ke4 Ba8 65. Kf5
Bd4 66. Ke6 Bc5 67. Kd7 1-0

[Event "CAN-ch"]
[Site "Richmond CAN"]
[Date "2002.03.23"]
[Round "3.13"]
[White "Huber, Greg"]
[Black "Lawson, Eric"]
[Result "1/2-1/2"]
[WhiteElo "2303"]
[BlackElo "2200"]
[PlyCount "136"]
[EventDate "2002.03.21"]
[EventType "swiss"]
[EventRounds "11"]
[EventCountry "CAN"]

1. e4 c5 2. Nc3 Nc6 3. Nge2 Nf6 4. d4 cxd4 5. Nxd4 e5 6. Ndb5 d6 7. Bg5 a6 8.
Bxf6 gxf6 9. Na3 b5 10. Nd5 f5 11. Bd3 Be6 12. Qh5 Rg8 13. g3 Nd4 14. c3 fxe4
15. Bxe4 Bg4 16. Qxh7 Rg7 17. Qh6 Nf3+ 18. Kf1 Rg5 19. Nf6+ Qxf6 20. Qxf6 Nd2+
21. Kg2 Nxe4 22. Qh8 Rh5 23. Qxh5 Bxh5 24. f3 Nd2 25. g4 Bg6 26. Rad1 Nc4 27.
Nxc4 bxc4 28. h4 Rb8 29. Rd2 Ke7 30. h5 Bh6 31. Rf2 Bd3 32. Kh3 d5 33. Re1 Kd6
34. Rg2 f6 35. Rd1 e4 36. fxe4 dxe4 37. Rf2 Bg5 38. b3 e3 39. Rg2 Kc5 40. Rb2
e2 41. b4+ Kb5 42. a4+ Kxa4 43. Ra1+ Kb5 44. Rba2 Rb6 45. Kg3 Kc6 46. Rh1 Kd5
47. Kf2 Bh6 48. Rh4 Kc6 49. Rh1 Kb7 50. Rha1 Bg5 51. Rh1 Re6 52. Ke1 Bf4 53.
Rg1 Re3 54. Kf2 Rh3 55. Rga1 e1=Q+ 56. Rxe1 Rh2+ 57. Kf3 Rxa2 58. Kxf4 Rf2+ 59.
Ke3 Rh2 60. Kf4 Rf2+ 61. Ke3 Rf1 62. Rxf1 Bxf1 63. Ke4 Bd3+ 64. Kd5 f5 65. gxf5
Bxf5 66. Kxc4 Be6+ 67. Kc5 Bg8 68. h6 Bh7 1/2-1/2